Evropa nás vzala napřed do laboratoří

Príprava Česka na vstup do Európy. Podpora Únie vede a výskumu. Integrované projekty. Malé a stredné podniky. Projekt Euroshoe a Čisté potraviny.

Enregistré dans:
Détails bibliographiques
Auteur principal: Fiala, Zbyněk
Format: Chapitre de livre
Langue:tchèque
Sujets:
Tags: Ajouter un tag
Pas de tags, Soyez le premier à ajouter un tag!

MARC

LEADER 00000naa a2200000 4500
001 r047214
005 20231004070725.3
041 0 |a cze 
044 |a CZ 
245 1 0 |a Evropa nás vzala napřed do laboratoří  |c Zbyněk Fiala 
520 |a Príprava Česka na vstup do Európy. Podpora Únie vede a výskumu. Integrované projekty. Malé a stredné podniky. Projekt Euroshoe a Čisté potraviny. 
610 2 0 |a Česko 
610 2 0 |a Európska únia 
610 2 0 |a veda 
610 2 0 |a výskum 
610 2 0 |a projekty 
610 2 0 |a podnik malý 
610 2 0 |a podnik stredný 
610 2 0 |a spolupráca hospodárska medzinárodná 
100 1 |a Fiala, Zbyněk